| 000 | 01076nam0a2200265 4500 | ||
|---|---|---|---|
| 001 | RU\NLR\bibl\191976 | ||
| 005 | 20260407025458.0 | ||
| 035 | _a(NLR Aleph) 000188484 | ||
| 090 |
_a1089507 _c1089507 |
||
| 100 | _a20011012d1994 |||y0rusy50 ca | ||
| 101 | 0 | _arus | |
| 102 | _aRU | ||
| 105 | _aa ||||||||| | ||
| 200 | 1 |
_aНародная трагедия _e(По матеиалам экспозиции музея истории Забайкал. милиции) _fУпр. внутр. дел Чит. обл., Совет ветеранов и Совет музея УВД |
|
| 210 |
_aЧита _cБ.и. _d1994 |
||
| 215 |
_a30 с. _cил. _d19 |
||
| 320 | _aБиблиогр.: с. 27-30 (52 назв.) | ||
| 606 | 0 |
_aМилиция _xИстория _yЗабайкалье _92232713 _3RU\NLR\auth\661340045 |
|
| 686 | _aХ621.163.1-1 | ||
| 711 | 0 | 2 |
_aМузей истории Забайкальской милиции _cЧита _3RU\NLR\AUTH\8810011272 _9520251 |
| 801 | 0 |
_aRU _bNLR _c20011012 _gPSBO |
|
| 801 | 1 |
_aRU _bNLR _c20011012 |
|
| 942 | _cBOOK | ||
| 980 | _aNB | ||